000 00809nac a22002171u 4500
010 _a 92038042
020 _a0470219823
020 _a0582274567
082 0 0 _a621.4021
_bE139
090 _c4469
_d4469
100 _aEastop, T. D.
245 1 0 _aApplied thermodynamics for engineering technologists /
_cT.D. Eastop, A. McConkey.
250 _a5th ed.
_bLow-Priced ed.
260 _aEssex, England :
_bLongman ;
_aNew York :
_bWiley,
_c1993.
300 _axix, 715 p. :
_bill. ;
_c25 cm.
504 _aIncludes bibliographical references and index.
650 0 _aThermodynamics.
700 1 _aMcConkey, A.
_q(Allan),
_d1927-
942 _cBB
_k621.4021E139
999 _c4469
_d4469